000
00273nam a2200097Ia 4500
005
20250424112914.0
008
250424s9999 xx 000 0 und d
300
_a
ii, 149 p. ; 31 cm.
650
_a
Technology--Nigeria--Periodicals. Science--Nigeria--Periodicals.
942
_c
SR
999
_c
37803
_d
37803